| 000 | 00661nam a22001817a 4500 | ||
|---|---|---|---|
| 999 |
_c175321 _d175321 |
||
| 005 | 20200824124912.0 | ||
| 010 | _aENG-128373 | ||
| 020 |
_c599.00 _a9789353438043 |
||
| 035 | _aEN-111905 | ||
| 037 | _bDBAD/PUB | ||
| 082 | _a500 | ||
| 100 | _aDas,P.Sivaramakrishna | ||
| 245 |
_aMathematics-I Calculus, Differential Equations and linear Algebra/ _cby P.Sivaramakrishna Das, C.Vijayakumari |
||
| 260 |
_aNoida _bPearson _c2020 |
||
| 270 |
_a15th floor,Tower-B,Word Trade Tower,Plot no.1,Block-C sec 16, _bNoida _e201301 _k04466540100 _mcompanysecretary.india@pearson.com |
||
| 300 |
_avarious pages. _c25cm(pbk) |
||
| 942 |
_2ddc _cEN _h500 _mDAS |
||